THE INDIA PAKISTAN CONFLICT ENDURING RIVALARY (Record no. 31490)

MARC details
000 -LEADER
fixed length control field 00307nam a22001337a 4500
003 - CONTROL NUMBER IDENTIFIER
control field SGT
020 ## - INTERNATIONAL STANDARD BOOK NUMBER
International Standard Book Number 8175963646
082 ## - DEWEY DECIMAL CLASSIFICATION NUMBER
Classification number 080
Item number T06P
100 ## - MAIN ENTRY--PERSONAL NAME
Personal name PAUL, T.V.
245 ## - TITLE STATEMENT
Title THE INDIA PAKISTAN CONFLICT ENDURING RIVALARY
260 ## - PUBLICATION, DISTRIBUTION, ETC. (IMPRINT)
Name of publisher, distributor, etc CAMBRIDGE UNIVERSITY PRESS
Year of Publication 2006
300 ## - PAGE DESCRIPTION
No. of Pages 273
942 ## - ADDED ENTRY ELEMENTS (KOHA)
Source of classification or shelving scheme Dewey Decimal Classification
Koha item type Books
Holdings
Withdrawn status Lost status Source of classification or shelving scheme Damaged status Not for loan Home library Current library Shelving location Date acquired SGTU Total Checkouts Full call number Accession No. (Barcode) Date last seen Bill Date Koha item type
    Dewey Decimal Classification   Not For Loan SGT Chancellor's Library SGT Chancellor's Library Reference Book 18/06/2025 SGTU   080 T06P CH3500 18/06/2025 18/06/2025 Books